Score 0/38 Timer 10:00
2 Plays Today
% Correct
Microwave Oven
95.9%
UFO
95.8%
Starbucks
95.7%
Bowling
95.7%
Eiffel Tower
95.7%
Concert
95.6%
Rattlesnake
95.5%
Martini
95.3%
Bicycle
95.3%
Sports Illustrated
95.2%
Tennis
95.1%
Beach
95.1%
Salary
95.1%
Corset
95%
Tourist
94.8%
Electoral College
94.8%
Armor
94.7%
Knitting
94.7%
Living Room
94.7%
% Correct
Hiss
94.6%
Seesaw
94.4%
Toast
94.4%
Insurance
94.3%
Chess
94.1%
Shingles
94%
Radar
94%
Abacus
93.8%
Bailiff
93.8%
Vacation
93.4%
Escalator
93.4%
New York Times
91.7%
Quote
90.2%
Fedora
89.3%
Banking
88.6%
Shot Put
88.1%
Criticism
87.8%
Quip
86.8%
Elevator
82.5%

You're not logged in!

Compare scores with friends on all Sporcle quizzes.
OR
Log In

Sporcle TV

Today on Sporcle TV


Watch our educational content, quiz creation guides, and fun videos on Sporcle TV.

Show Comments

Extras

Top Quizzes Today


Score Distribution

Your Account Isn't Verified!

In order to create a playlist on Sporcle, you need to verify the email address you used during registration. Go to your Sporcle Settings to finish the process.

Report this User

Report this user for behavior that violates our Community Guidelines.

Details: